| 000 | 01397nam a2200337 a 4500 | ||
|---|---|---|---|
| 001 | 000043531 | ||
| 003 | DO-SdBNP | ||
| 005 | 20260428073714.0 | ||
| 008 | 140324s2010 dr 000 j spa d | ||
| 020 | _a9789945412390 | ||
| 040 |
_aDO-SdBNP _bspa _cBNPHU |
||
| 082 |
_aBNPHU PD RD863.44 _bP925p, 2009 |
||
| 111 | 2 |
_aPremios Funglode Cuento _d(2009 : _cSanto Domingo) _971289 |
|
| 245 | 1 | 0 | _aPremio de cuento Juan Bosch. |
| 260 |
_aSanto Domingo : _bFUNGLODE, _c2010. |
||
| 300 |
_a37 p. ; _c26 cm. |
||
| 490 | 1 | _aPremios Funglode /GFDD 2009 Cuento | |
| 505 | 0 |
_gPrimer lurgar -- _tLa casa solariega / _rJuan Freddy Armando _gSegundo lugar -- _tEl castillo de arena / _rRommer Adrían Soto del Rosario. _gTercer lugar -- _tLos mendoza y los del muelle/ _rJosé Jabid Salcedo Delgado |
|
| 590 | _aInventariado, 2019/VM | ||
| 650 | 1 | 0 |
_aCuentos dominicanos _9176 |
| 650 | 1 | 0 |
_aLiteratura dominicana. _967 |
| 650 | 1 | 4 |
_aCertámenes literarios _91541 |
| 650 | 1 | 0 |
_aPremios literarios _91542 |
| 700 | 1 | 2 |
_aArmando, Juan Freddy _tLa casa solarieta _971290 |
| 700 | 1 | 2 |
_aSoto del Rosario, Rommel _tEl castillo de arena / _971291 |
| 700 | 1 | 2 |
_aSalcedo Delgado, José Jabid _tLos mendoza y los del muelle _971292 |
| 710 | 2 | 2 |
_aFundación Global Democracía y Desarrollo _925477 |
| 830 | 0 |
_aPremios Funglode /GFDD 2009 Cuento _971293 |
|
| 910 | _aValidado. Control de calidad MFF | ||
| 942 |
_2ddc _cLBS1 |
||
| 999 |
_c43020 _d43020 |
||